00480nam a2200133Ia 4500008004100000100001600041245010300057245003100160260005300191260001800244300000800262650001500270856006100285170221s9999 xx 000 0 und d aDani Salleh 4aThe Local Authority Infrastructure Provision Practice in Malaysia: The Role of Private Developers  cDani Salleh, Otega Okinono bInternational Review of Management and Marketing cNovember 2012 a1:2 xMarketing. uhttp://www.econjournals.com/index.php/irmm/issue/view/91